| 000 | 00468nam a22001697a 4500 | ||
|---|---|---|---|
| 005 | 20241213145657.0 | ||
| 008 | 241213b |||||||| |||| 00| 0 eng d | ||
| 020 | _a9781119607885 | ||
| 082 |
_a005.028 _bLEV-M |
||
| 100 | _aLevitus,Bob ,Dr.Mac | ||
| 245 |
_amacOS catalina For dummies / _cBob Dr.Mac Levitus |
||
| 260 |
_aUSA: _bElsevier; _c2020. |
||
| 300 |
_axiv, 512 p. : _bill; _c24 cm. |
||
| 500 | _ainclude index. | ||
| 650 | _aComuter Science | ||
| 999 |
_c36804 _d36804 |
||